Politics of bureaucracy (Record no. 29152)

MARC details
000 -LEADER
fixed length control field 00263nam a2200109Ia 4500
082 ## - DEWEY DECIMAL CLASSIFICATION NUMBER
Classification number 035
Item number PET
100 ## - MAIN ENTRY--AUTHOR NAME
Personal name Peters, B Gugy
245 #0 - TITLE STATEMENT
Title Politics of bureaucracy
260 ## - PUBLICATION, DISTRIBUTION, ETC. (IMPRINT)
Place of publication New York
Name of publisher Longman
Year of publication 1978
942 ## - ADDED ENTRY ELEMENTS (KOHA)
Koha item type Books
Holdings
Withdrawn status Lost status Damaged status Not for loan Home library Current library Date acquired Full call number Accession Number Koha item type
        RRII Library RRII Library 16/12/2021 035 PET 09742 Books